000 00518nam a2200181Ia 4500
001 11082
005 20260306161920.0
008 260306t2011||||xx |||||||||||||| ||spa||
041 _aESP
082 _a985.004
_bP41
100 _aCentro Nacional de Planeamiento Estratégico - CEPLAN
_eAUT
245 0 _aPensadores de la república:
_bideas y propuestas vigentes para el Perú del siglo XXI
260 _c2011
300 _a354 páginas :
_c21 cm.
650 _aGEN
654 _aCHU
942 _cLIB
_dJUS
_fJUS
_2ddc
_n
999 _c11082
_d11082